01218nas a2200265Ia 4500001001100000003000900011008004100020040001300061040001300074041001300087100004700100210002300147222002300170245008000193250001100273260002900284501008600313300001700399362003500416500020100451650005900652942000700711999001900718952021500737R811/50439IT-RoPAU151124c99999999xx |||||||||||| ||und|| aIT-RoPAU cIT-RoPAU aITALIANO aGandini LeonardogCodice Aut. SPICS: 21334 aQUADERNI DI TEATRO aQuaderni Di Teatro aQUADERNI DI TEATRO, ANNO 07-N.26 (NOVEMBRE 1984)bGrattacieli Made In Italy a1a ed. aFIRENZEbVALLECCHIc1984 bPaulus - SPICS - Società San Paolo EM (non-commercial uses only)cCopyright2015 a6 p. [56-61] aANNO 007, N.26 (NOVEMBRE 1984) aTeatro All'Americana in Italia Durante il Fascismo: Grattacieli di Guglielmo Giannini, Brocclin Bar di Mario Federici, anche a Chicago Fioriscono le Violette di Mario Buzzichini e Alberto Casella. aTEATRO - DANZA - DRAMMATURGIAvPUBBLICAZIONE PERIODICA cCR c123186d123186 0010406R_811_50439000000000071aSPICSbSPICSd2015-11-25l0oR811/50439r2015-11-25 00:00:00w2015-11-25yCRzProgr. Ins: 95904 / Copia rara: NO / date import: 25.11.2015 / By Epidotti, Trombetti, Vaglietti